Social Devlopment: Theory & Practice (Record no. 16638)

MARC details
000 -LEADER
fixed length control field 00553nam a22002057a 4500
003 - CONTROL NUMBER IDENTIFIER
control field BD-DhSAU
005 - DATE AND TIME OF LATEST TRANSACTION
control field 20230218111807.0
008 - FIXED-LENGTH DATA ELEMENTS--GENERAL INFORMATION
fixed length control field 221809b2020 bg | ||| |||| 001 0 ben d
020 ## - INTERNATIONAL STANDARD BOOK NUMBER
International Standard Book Number 9781412947770
040 ## - CATALOGING SOURCE
Original cataloging agency BD-DhSAU
082 ## - DEWEY DECIMAL CLASSIFICATION NUMBER
Edition number 22
Classification number 307.1701
Item number M5847
100 ## - MAIN ENTRY--PERSONAL NAME
Personal name Midgley, James
245 ## - TITLE STATEMENT
Title Social Devlopment: Theory & Practice
260 ## - PUBLICATION, DISTRIBUTION, ETC. (IMPRINT)
Place of publication, distribution, etc. Dilli;
Name of publisher, distributor, etc. Sega,
Date of publication, distribution, etc. 2014
300 ## - PHYSICAL DESCRIPTION
Extent 280পৃ. ;
Dimensions ২২ সেমি।
590 ## - Name of Cataloguer
Name of Cataloger নাজমুল
650 ## - SUBJECT ADDED ENTRY--TOPICAL TERM
Topical term or geographic name as entry element Social Devlopment
651 ## - SUBJECT ADDED ENTRY--GEOGRAPHIC NAME
Geographic name Theory & Practice
942 ## - ADDED ENTRY ELEMENTS (KOHA)
Source of classification or shelving scheme Dewey Decimal Classification
Koha item type Book
Holdings
Withdrawn status Lost status Source of classification or shelving scheme Damaged status Not for loan Collection code Home library Branch Name Date acquired Total Checkouts Full call number Barcode Date last seen Price effective from Koha item type Shelving location
    Dewey Decimal Classification   Not For Loan Reference SAU Library SAU Library 18/02/2023   307.1701 M5847 44184 18/02/2023 18/02/2023 Book  
    Dewey Decimal Classification       SAU Library SAU Library 18/02/2023   307.1701 M5847 44185 18/02/2023 18/02/2023 Book General Stacks